Die 73 höchsten Vulkane der Welt - Statistiken

Allgemein
  • Dieses Quiz wurde 12 mal gespielt
  • Das Durchschnittsergebnis liegt bei 6 aus 73
Antwortstatistiken
Höhe Länder /Lage/ Ort Vulkan letzte Eruption % Korrekt
5 462 m 🇲🇽 Popocatépetl/ El Popo 2013
58%
5 897 m 🇪🇨 (Anden) Cotopaxi 1975 - 1976
50%
5 895 m 🇹🇿 🇰🇪 Kilimandscharo /Wilhelmskuppe/Kaiser - Wilhelm - Spitze k.A.
42%
6 893 m 🇦🇷 🇨🇱 (Atacama - Wüste) Ojos del Salado vor 700 Jahren
42%
5 846 m 🇨🇱 (Atacama) Cerro del Azufre k.A.
25%
6 267 m 🇪🇨 (Anden) Chimborazo 550 n. Chr.
25%
5 642 m 🇷🇺 (Kaukasus) Elbrus 50 n. Chr.
25%
5 137 m 🇹🇷 (Anatolien) Ararat erloschen
17%
5 636 m 🇲🇽 Citlaltépetl /Pico de Orizaba 1846
17%
5 912 m 🇦🇷 (Anden) Galan k.A.
17%
5 920 m 🇨🇱 🇧🇴 (Laguna Verde) Licancabur k.A.
17%
6 739 m 🇦🇷 🇨🇱 (Anden) Llullaillaco 1877
17%
6 795 m 🇦🇷 (Anden b. La Rioja) Monte Pissis k.A.
17%
6 542 m 🇧🇴 (Anden) Nevado Sajama k.A.
17%
6 051 m 🇨🇱 (Antofagasta) Socompa 5 250 v. Chr.
17%
6 046 m 🇨🇱 (Atacama-Wüste) Acamarachi k.A.
8%
6 052 m 🇨🇱 🇧🇴 (Anden) Acotango vor 10 Tsd. Jahren
8%
6 409 m 🇦🇷 (Catamarca) Antofalla k.A.
8%
6 174 m 🇨🇱 (Atacama) Aucanquilcha vor 170 Tsd. Jahren
8%
6 039 m 🇧🇴 🇨🇱 (Anden) Capurata k.A.
8%
5 604 m 🇮🇷 (Elbrus - Gebirge) Damawand/ Demawend 5 300 v. Chr.
8%
6 532 m 🇨🇱 (Atacama-Wüste) El Condor k.A.
8%
6 190 m 🇨🇱 🇦🇷 (Atacama) El Solo/ Cerro Solo k.A.
8%
6 071 m 🇨🇱 (Arica) Guallatiri 1960
8%
6 439 m 🇧🇴 (Anden) Illimani k.A.
8%
6 621 m 🇨🇱 (Anden) Incahuasi k.A.
8%
5 592 m 🇨🇱 (Anden) Lascar 2007
8%
5 910 m 🇨🇱 (Atacama) Miniques k.A.
8%
4 949 m 🇺🇸 (Alaska) Mount Sanford k.A.
8%
5 321 m 🇨🇴 (Anden) Nevado del Ruiz 2012
8%
5 876 m 🇧🇴 🇨🇱 (Anden) Ollagüe k.A.
8%
5 946 m 🇨🇱 (n. Cerro del Leon) Paniri k.A.
8%
6 348 m 🇨🇱 🇧🇴 (Anden) Parinacota 15. /16. Jh.
8%
4 794 m 🇪🇨 (Quito) Pichincha 2009
8%
6 222 m 🇧🇴 🇨🇱 (Atacama) Pomerape k.A.
8%
6 233 m Atacama b. Antofagasta Pular k.A.
8%
5 890 m 🇨🇱 (Atacama) Putana 1810
8%
5 980 m 🇨🇱 🇧🇴 (Atacama) Sairecabur k.A.
8%
6 145 m 🇨🇱 (Los Rios) San Pedro/ San Pablo 1960
8%
5 980 m 🇨🇱 (Arica) Tacora k.A.
8%
6 400 m Pazifik, n. 🇯🇵 Tamu - Massiv(Unterwasser - Vulkan) k.A.
8%
5 650 m 🇨🇱 (n. Santiago de Chile) Tupungatito/ Bravard 1986
8%
6 008 m 🇧🇴 (Potosi) Uturunku vor 300 Tsd. Jahren
8%
6 658 m 🇦🇷 (Catamarca) Walther Penck k.A.
8%
6 288 m 🇵🇪 (Anden) Ampato k.A.
0%
5 704 m 🇪🇨 (Anden) Antisana 1802
0%
6 082 m 🇦🇷 🇨🇱 (Atacama-Wüste) Aracar 1993
0%
4.868 m 🇨🇳 (Xinjiang) Ashi - Vulkan 27. Mai 1951
0%
5 796 m 🇪🇨 (Anden) Cayambe 1786
0%
6 075 m 🇵🇪 (n. Arequipa) Chachani k.A.
0%
6 425 m 🇵🇪 (Arequipa) Coropuna k.A.
0%
6 152 m 🇦🇷 (Anden) Cumbre del Laudo k.A.
0%
5 890 m 🇦🇷 (Anden) Faso Azufre k.A.
0%
6 025 m 🇵🇪 (Arequipa) Hualca Hualca k.A.
0%
5 601 m 🇧🇴 (Sajama) Humarata k.A.
0%
5 248 m 🇪🇨 (Kordillere) Illiniza k.A.
0%
5 230 m 🇲🇽 Iztaccihuatl k.A.
0%
5 047 m 🇬🇪 (Kaukasus) Kasbek 750 v. Chr.
0%
4 750 m 🇷🇺 (Kamtschatka) Kljutschewskaja Sopka 2016
0%
5 822 m 🇵🇪 (Anden) Misti 1784
0%
4 766 m 🇺🇸 (Alaska) Mount Churchill 700 n. Chr.
0%
5 364 m 🇨🇴 (Anden) Nevado del Huila 2008
0%
5 215 m 🇨🇴 (NP Los Nevados) Nevado del Tolima 1943
0%
5 740 m 🇦🇷 (Anden) Peinado k.A.
0%
5 976 m 🇵🇪 (Anden) Sabancaya 2016
0%
5 230 m 🇪🇨 (Anden) Sangay seit 1934 bis dato
0%
5 856 m 🇦🇷 (Mendoza) San José 1960
0%
4 950 m 🇨🇴 (NP Los Nevados) Santa Isabel 850 v. Chr.
0%
6 749 m 🇨🇱 🇦🇷 (Atacama /Anden) Tres Cruces k.A.
0%
5 016 m 🇪🇨 (Anden) Tungurahua dauerhaft
0%
6 550 m 🇦🇷 🇨🇱 (Anden) Tupungato k.A.
0%
5 805 m 🇵🇪 (Anden) Tutupaca k.A.
0%
5 672 m 🇵🇪 (Anden) Ubinas 2015
0%
Keine übereinstimmenden Quizze gefunden
Verteilung der Resultate
Anzahl Personen mit jedem Resultat
Perzentil nach korrekt beantworteten Fragen
Ihre Resultats-Entwicklung
Sie haben dieses Quiz noch nicht gespielt